Memorias del Primer Encuentro de Productores Comunitarios Ambientalmente Amigables / (Registro nro. 8186)

Detalles MARC
000 -CABECERA
Campo de control 00780nam a22002057a 4500
005 - FECHA Y HORA DE LA ULTIMA TRANSACCION
Campo de control 20140306132410.0
008 - ELEMENTOS DE LONGITUD FIJA—INFORMACION GENERAL
Campo de control 140228s2006 ck ado gr|||| 00| 0 spa d
020 ## - ISBN
ISBN 9583398128
041 ## - IDIOMA
Código de idioma para texto/pista de sonido o título separado Español
044 ## - PAÍS DE PUBLICACIÓN
País de publicación Colombia
082 ## - NUMERO DE CLASIFICACION DECIMAL DEWEY
Número de clasificación 577.096
Número del ítem R31p
245 10 - MENCION DE TITULO
Título Memorias del Primer Encuentro de Productores Comunitarios Ambientalmente Amigables /
Mención de responsabilidad Red Colombiana de Productores Comunitarios Ambientalmente Amigables
260 3# - PUBLICACION, DISTRIBUCION, ETC. (PIE DE IMPRENTA)
Lugar de publicación, distribución, etc. Bogotá
Nombre del editor, distribuidor, etc. Red Colombiana de Productores Comunitarios Ambientalmente Amigables
Fecha de publicación, distribución, etc. 2006
300 ## - DESCRIPCION FISICA
Extensión 188 p.
Otros detalles físicos il., fot., tablas, gráficas
Dimensiones 25 cm
650 ## - ASIENTO SECUNDARIO DE MATERIA - TERMINO TEMATICO
Término temático o nombre geográfico como elemento de entrada Agricultura
Subdivisión geográfica Colombia
650 ## - ASIENTO SECUNDARIO DE MATERIA - TERMINO TEMATICO
Término temático o nombre geográfico como elemento de entrada Agricultura Organica
Subdivisión geográfica Colombia
650 ## - ASIENTO SECUNDARIO DE MATERIA - TERMINO TEMATICO
Término temático o nombre geográfico como elemento de entrada Ecología
Subdivisión geográfica Colombia
650 ## - ASIENTO SECUNDARIO DE MATERIA - TERMINO TEMATICO
Término temático o nombre geográfico como elemento de entrada Administración
Subdivisión general Comercio
942 ## - ELEMENTOS ADICIONALES (KOHA)
Sistema de clasificación Dewey Decimal Classification
Tipo de ítem Impreso
Existencias
Withdrawn status Lost status Sistema de Clasificación Damaged status No para préstamo Colección Inventariado Ubicación Permanente Ubicación actual Fecha de adquisición Total Checkouts Número topográfico Inventario / Código de Barras Date last seen Ejemplar Price effective from Forma de adquisición Tipo de material
    Dewey Decimal Classification     General Inventariado 2017 Bogotá Bogotá 28/02/2014   LB-577.096 R31p 034077 28/02/2014 Ej. 1 28/02/2014   Libro
    Dewey Decimal Classification     General Inventariado 2017 Sala Fabio Quevedo Sala Fabio Quevedo 28/02/2014   LB-577.096 R31p 034078 28/02/2014 Ej. 2 28/02/2014   Libro